[Event "Plzen, FSB A"]
[Site "?"]
[Date "2004.??.??"]
[Round "8.29"]
[White "Hodova, L."]
[Black "Drahorad, D."]
[Result "1-0"]
[WhiteElo "2112"]
[BlackElo "1977"]
[PlyCount "43"]
[EventDate "2004.??.??"]
[Source "ChessBase"]
[SourceDate "1996.11.15"]

1. e4 e6 2. d4 d5 3. e5 b6 4. c3 Qd7 5. f4 Ne7 6. Be3 Ba6 7. Bxa6 Nxa6 8. Nf3
Nb8 9. O-O Nbc6 10. Nbd2 g6 11. g3 Na5 12. Qe2 O-O-O 13. b4 Nb7 14. Qa6 Kb8 15.
a4 Bg7 16. Nb3 Qc6 17. Qd3 Nf5 18. Bf2 Rde8 19. Nfd2 h6 20. a5 b5 21. a6 Nd8
22. Ra5 1-0

[Event "Plzen, FSB A"]
[Site "?"]
[Date "2004.??.??"]
[Round "8.30"]
[White "Toman, Jan"]
[Black "Spirek, A."]
[Result "1-0"]
[WhiteElo "2103"]
[BlackElo "2049"]
[PlyCount "105"]
[EventDate "2004.??.??"]
[Source "ChessBase"]
[SourceDate "1996.11.15"]

1. d4 Nf6 2. c4 c5 3. d5 b5 4. cxb5 a6 5. b6 d6 6. Nc3 Nbd7 7. a4 Qxb6 8. a5
Qb8 9. e4 g6 10. Be2 Bg7 11. Nf3 O-O 12. O-O Ne8 13. Nd2 Nc7 14. Nc4 Nb5 15.
Qd3 Nd4 16. Bf4 Ra7 17. Rfe1 Rb7 18. Bd1 Rb4 19. Bg3 Ne5 20. Bxe5 dxe5 21. Na4
f5 22. f3 fxe4 23. fxe4 Bd7 24. Nab6 Bb5 25. Qc3 Bxc4 26. Nxc4 Qb5 27. Na3 Qb7
28. Nc4 Qb5 29. Na3 Qb8 30. Nc4 Bh6 31. Nb6 Qd6 32. Kh1 Qf6 33. Bg4 Qf2 34. Rg1
Rxb2 35. Qh3 Be3 36. Nc4 Rb3 37. Nxe5 Qxg1+ 38. Rxg1 Bxg1 39. Be6+ Kg7 40. Qh4
Nxe6 41. Qxe7+ Kh6 42. dxe6 Rf1 43. Ng4+ Kh5 44. Nf6+ Rxf6 45. Qxf6 Bd4 46. Qf1
Rb7 47. g3 g5 48. Qh3+ Kg6 49. Qf5+ Kh5 50. Kg2 c4 51. Kh3 c3 52. e5 Rc7 53.
g4+ 1-0

[Event "Plzen, FSB A"]
[Site "?"]
[Date "2004.??.??"]
[Round "8.31"]
[White "Jina, L."]
[Black "Beran, B."]
[Result "1/2-1/2"]
[WhiteElo "1943"]
[BlackElo "2158"]
[PlyCount "32"]
[EventDate "2004.??.??"]
[Source "ChessBase"]
[SourceDate "1996.11.15"]

1. d4 Nf6 2. c4 e6 3. Nc3 b6 4. Nf3 Bb7 5. e3 d5 6. cxd5 Nxd5 7. Nxd5 Qxd5 8.
Be2 Bd6 9. b3 O-O 10. O-O Nd7 11. h3 e5 12. Bc4 Qe4 13. d5 Qf5 14. e4 Qg6 15.
Qe2 Nf6 16. Bd3 Nd7 1/2-1/2

[Event "Plzen, FSB A"]
[Site "?"]
[Date "2004.??.??"]
[Round "8.35"]
[White "Svoboda, J."]
[Black "Mitterhuemer, G."]
[Result "1-0"]
[WhiteElo "1769"]
[BlackElo "2075"]
[PlyCount "47"]
[EventDate "2004.??.??"]
[Source "ChessBase"]
[SourceDate "1996.11.15"]

1. c4 e5 2. Nc3 Nc6 3. g3 g6 4. Bg2 Bg7 5. e3 f5 6. Nge2 d6 7. d4 Qe7 8. O-O
Nf6 9. d5 Nd8 10. b4 O-O 11. Qb3 Kh8 12. a4 g5 13. c5 f4 14. exf4 gxf4 15. gxf4
Ng4 16. f3 Nxh2 17. Kxh2 Qh4+ 18. Kg1 Rf5 19. fxe5 Bxe5 20. f4 Bf6 21. Bb2 Rh5
22. Ne4 Bg7 23. Bxg7+ Kxg7 24. Qg3+ 1-0

[Event "Plzen, FSB A"]
[Site "?"]
[Date "2004.??.??"]
[Round "8.36"]
[White "Peniska, P."]
[Black "Ondrejat, M."]
[Result "0-1"]
[WhiteElo "2011"]
[BlackElo "2072"]
[PlyCount "58"]
[EventDate "2004.??.??"]
[Source "ChessBase"]
[SourceDate "1996.11.15"]

1. e4 c5 2. Nc3 g6 3. g3 Bg7 4. Bg2 Nc6 5. f4 d6 6. Nf3 Nf6 7. O-O O-O 8. d3
Rb8 9. h3 b5 10. g4 b4 11. Ne2 Nd7 12. f5 Nde5 13. Nxe5 Nxe5 14. Be3 a5 15. Qd2
Ba6 16. Bh6 c4 17. Bxg7 Kxg7 18. f6+ exf6 19. Nf4 cxd3 20. cxd3 Qb6+ 21. Kh1
Qd4 22. Rad1 Nd7 23. Ne2 Qe5 24. h4 h5 25. d4 Qb5 26. Bf3 hxg4 27. Bxg4 Rh8 28.
h5 Rxh5+ 29. Bxh5 Qxh5+ 0-1

[Event "Plzen, FSB A"]
[Site "?"]
[Date "2004.??.??"]
[Round "8.37"]
[White "Cekan, P."]
[Black "Snaidr, J."]
[Result "1/2-1/2"]
[WhiteElo "1894"]
[BlackElo "2063"]
[PlyCount "24"]
[EventDate "2004.??.??"]
[Source "ChessBase"]
[SourceDate "1996.11.15"]

1. d4 d5 2. c4 e6 3. Nc3 Nf6 4. Bg5 Be7 5. e3 Nbd7 6. Nf3 O-O 7. Bd3 c6 8. O-O
dxc4 9. Bxc4 Nd5 10. Bxe7 Qxe7 11. e4 Nxc3 12. bxc3 e5 1/2-1/2

[Event "Plzen, FSB A"]
[Site "?"]
[Date "2004.??.??"]
[Round "8.38"]
[White "Cvikl, M."]
[Black "Cecil, P."]
[Result "1-0"]
[WhiteElo "2056"]
[BlackElo "2042"]
[PlyCount "81"]
[EventDate "2004.??.??"]
[Source "ChessBase"]
[SourceDate "1996.11.15"]

1. b3 d5 2. Bb2 Nd7 3. f4 Ngf6 4. Nf3 c6 5. e3 g6 6. Be2 Bg7 7. O-O O-O 8. Ne5
Ne8 9. d4 Ndf6 10. Nd2 Nd6 11. Bd3 Bf5 12. Rc1 Bxd3 13. cxd3 Nfe8 14. Rf3 f6
15. Ng4 Nf7 16. Qe2 Ned6 17. Rh3 Qd7 18. Rf1 Nf5 19. Nf3 h5 20. Nf2 N5h6 21.
Nh4 Nh8 22. Nxg6 Nxg6 23. Qxh5 Qf5 24. Qf3 Kf7 25. Bc1 Rh8 26. e4 Qd7 27. f5
Nf8 28. Ng4 dxe4 29. dxe4 Nxg4 30. Rxh8 Qxd4+ 31. Kh1 Bxh8 32. Qxg4 e5 33.
fxe6+ Nxe6 34. Rd1 Qe5 35. Rd7+ Ke8 36. Rxb7 Nf8 37. Qg8 Qh5 38. g4 Qg6 39. Qc4
f5 40. exf5 Qd6 41. Bg5 1-0

[Event "Plzen, FSB A"]
[Site "?"]
[Date "2004.??.??"]
[Round "8.39"]
[White "Kriz, D."]
[Black "Vinklarek, O."]
[Result "0-1"]
[WhiteElo "1732"]
[BlackElo "2044"]
[PlyCount "114"]
[EventDate "2004.??.??"]
[Source "ChessBase"]
[SourceDate "1996.11.15"]

1. e4 c5 2. c3 d5 3. exd5 Qxd5 4. d4 Nf6 5. Nf3 e6 6. Be3 cxd4 7. cxd4 Be7 8.
Nc3 Qd6 9. Bd3 O-O 10. O-O Nc6 11. a3 b6 12. Nb5 Qd8 13. Rc1 Bb7 14. Bg5 Nd5
15. Bxe7 Ncxe7 16. Ng5 Nf6 17. Qc2 h6 18. Nh7 Nxh7 19. Bxh7+ Kh8 20. Be4 Bxe4
21. Qxe4 Nd5 22. Nc3 Nxc3 23. bxc3 Qd6 24. Ra1 Rac8 25. Rfc1 Rc4 26. Qb7 Rc7
27. Qf3 Rfc8 28. Rc2 Kg8 29. Qe3 Rc4 30. Qd2 Qc6 31. Rac1 Qa4 32. g3 Qxa3 33.
Ra2 Qe7 34. Rca1 R8c7 35. Ra3 Qd7 36. Qd3 b5 37. R1a2 g6 38. Qf3 Qc6 39. Qxc6
R4xc6 40. Rxa7 Rxa7 41. Rxa7 Rxc3 42. Rb7 Rb3 43. Kg2 Kg7 44. Kh3 Rb1 45. Kg4
b4 46. h4 b3 47. f3 b2 48. Kf4 Kf6 49. Kg4 Kg7 50. Kf4 Kf8 51. g4 Ke8 52. Rb6
Ke7 53. Rb7+ Kd6 54. Rb5 Kc6 55. Rb3 Kd5 56. Rb4 f6 57. Rb8 e5+ 0-1

[Event "Plzen, FSB A"]
[Site "?"]
[Date "2004.??.??"]
[Round "8.41"]
[White "Adamek, F."]
[Black "Muk, I."]
[Result "1/2-1/2"]
[WhiteElo "2144"]
[BlackElo "1916"]
[PlyCount "132"]
[EventDate "2004.??.??"]
[Source "ChessBase"]
[SourceDate "1996.11.15"]

1. d4 Nf6 2. c4 c6 3. Nc3 d5 4. e3 e6 5. Nf3 Nbd7 6. cxd5 exd5 7. a3 Bd6 8. Bd3
a5 9. O-O O-O 10. e4 dxe4 11. Bxe4 Nxe4 12. Nxe4 Nf6 13. Ng3 Bg4 14. Be3 Re8
15. Qd3 Bxf3 16. gxf3 Nd5 17. Rae1 g6 18. Bd2 Qh4 19. Re4 Qh3 20. Rfe1 Red8 21.
Qf1 Qxf1+ 22. Nxf1 f5 23. R4e2 a4 24. Bg5 Rd7 25. Re8+ Rxe8 26. Rxe8+ Kf7 27.
Ra8 Nb6 28. Ra5 Nc4 29. Rxa4 Nxb2 30. Ra8 Nc4 31. a4 Bc7 32. Kg2 Rxd4 33. Ra7
Nd6 34. Bd2 Bb6 35. Ra8 Ne8 36. Rb8 Rd7 37. a5 Ba7 38. Ra8 Bd4 39. Rc8 Nd6 40.
Ra8 c5 41. Bf4 c4 42. a6 bxa6 43. Rxa6 Nb5 44. Nd2 c3 45. Nb3 Bf6 46. Ra5 Nd4
47. Nc5 Re7 48. Nd3 g5 49. Be3 Kg6 50. f4 Nc2 51. Bc1 Rc7 52. Ra6 gxf4 53. Bxf4
Rc8 54. Be5 Rf8 55. Bxc3 Kg7 56. Nf4 Bxc3 57. Ne6+ Kf7 58. Nxf8 Kxf8 59. Rc6
Ne1+ 60. Kf1 Bb4 61. Rf6+ Kg7 62. Rxf5 Nc2 63. Rf4 Be7 64. Ke2 Nb4 65. Rf5 Nc6
66. Kd3 Bf6 1/2-1/2

[Event "Plzen, FSB A"]
[Site "?"]
[Date "2004.??.??"]
[Round "8.42"]
[White "Hyrs, M."]
[Black "Vojir jr., V."]
[Result "1/2-1/2"]
[WhiteElo "2108"]
[BlackElo "1863"]
[PlyCount "83"]
[EventDate "2004.??.??"]
[Source "ChessBase"]
[SourceDate "1996.11.15"]

1. Nf3 c6 2. c4 d5 3. b3 Nf6 4. Bb2 Nbd7 5. g3 g6 6. Bg2 dxc4 7. bxc4 Bg7 8.
O-O O-O 9. d3 Qc7 10. Qc2 Re8 11. Nbd2 e5 12. Rab1 Rb8 13. Bc3 c5 14. a4 b6 15.
a5 Bb7 16. axb6 axb6 17. Ng5 h6 18. Bxb7 Rxb7 19. Nge4 Nxe4 20. dxe4 Ra8 21.
Ra1 Rba7 22. Qb2 f6 23. Rfb1 Kf7 24. Nf1 Qc6 25. Rxa7 Rxa7 26. f3 Bf8 27. Ne3
Be7 28. Nd5 Bd8 29. Kf2 Qe6 30. Qd2 Qh3 31. Kg1 g5 32. Ne3 Qe6 33. g4 Be7 34.
Ra1 Rxa1+ 35. Bxa1 Qd6 36. Qxd6 Bxd6 37. Nd5 Ke6 38. Kf2 Kf7 39. Ke3 Ke6 40.
Kd3 Bf8 41. e3 Kd6 42. Bb2 1/2-1/2

[Event "Plzen, FSB A"]
[Site "?"]
[Date "2004.??.??"]
[Round "8.44"]
[White "Petera, L."]
[Black "Fruehauf, N."]
[Result "1-0"]
[WhiteElo "1851"]
[BlackElo "2097"]
[PlyCount "77"]
[EventDate "2004.??.??"]
[Source "ChessBase"]
[SourceDate "1996.11.15"]

1. e4 e5 2. Nf3 Nc6 3. Bb5 a6 4. Ba4 Nf6 5. O-O b5 6. Bb3 Be7 7. Re1 O-O 8. c3
d6 9. h3 Na5 10. Bc2 c5 11. d4 Qc7 12. Nbd2 Bd7 13. Nf1 Rfe8 14. Ng3 g6 15. Bg5
Rac8 16. Rc1 Nc4 17. b3 Nb6 18. d5 a5 19. a3 Ra8 20. Ra1 Reb8 21. Qd2 a4 22. b4
Rc8 23. Rec1 Qd8 24. Qe2 Nfxd5 25. Bxe7 Nxe7 26. Bd3 c4 27. Bc2 Rc6 28. Rd1 Kg7
29. Rd2 Ng8 30. Rad1 Qe7 31. Qe3 h6 32. Kh2 Rf8 33. Kg1 Nf6 34. Bb1 Ne8 35. Bc2
Nc7 36. Bb1 Be6 37. Bc2 f6 38. Nh4 Bf7 39. Nhf5+ 1-0

[Event "Plzen, FSB A"]
[Site "?"]
[Date "2004.??.??"]
[Round "8.45"]
[White "Steinhauser, F."]
[Black "Malec, J."]
[Result "1-0"]
[WhiteElo "1775"]
[BlackElo "2079"]
[PlyCount "101"]
[EventDate "2004.??.??"]
[Source "ChessBase"]
[SourceDate "1996.11.15"]

1. e4 c6 2. d4 g6 3. Nc3 Bg7 4. Be3 d6 5. f3 Nf6 6. Qd2 h5 7. Nh3 Bxh3 8. gxh3
Nbd7 9. f4 Qa5 10. Rg1 Rg8 11. O-O-O O-O-O 12. Rg5 Qc7 13. d5 c5 14. e5 Nh7 15.
e6 fxe6 16. Rg3 e5 17. Nb5 Qb6 18. a4 a5 19. Qe1 Bh6 20. Rf3 Rdf8 21. Bd2 Qd8
22. Na7+ Kb8 23. Bxa5 Nb6 24. Nc6+ bxc6 25. Bxb6 Qxb6 26. Rb3 Qxb3 27. cxb3
Rxf4 28. Kb1 Rb4 29. dxc6 Kc7 30. Bc4 Rf8 31. Qe4 Rf6 32. Qd5 Ng5 33. Qg2 Ne6
34. Rf1 Nf4 35. Qe4 Rf5 36. a5 d5 37. Qe3 Kxc6 38. a6 Rb8 39. Qd2 dxc4 40. Rd1
Nd3 41. a7 Ra8 42. Qg2+ e4 43. Qxg6+ Kb7 44. Qxf5 Kxa7 45. Qd7+ Kb8 46. Qd8+
Kb7 47. Qxe7+ Kb6 48. Qe6+ Kb7 49. Qxh6 cxb3 50. Qh7+ Kb6 51. Qxe4 1-0

[Event "Plzen, FSB A"]
[Site "?"]
[Date "2004.??.??"]
[Round "8.46"]
[White "Steinhauser, D."]
[Black "Kamenik, M."]
[Result "1/2-1/2"]
[WhiteElo "1753"]
[BlackElo "2057"]
[PlyCount "78"]
[EventDate "2004.??.??"]
[Source "ChessBase"]
[SourceDate "1996.11.15"]

1. d4 d6 2. c4 Nf6 3. Nc3 g6 4. e4 Bg7 5. f3 O-O 6. Be3 a6 7. g4 Nc6 8. h4 e5
9. d5 Ne7 10. Qd2 h5 11. g5 Nd7 12. Bh3 b6 13. Nge2 Nc5 14. b4 Nb7 15. Nc1 Bxh3
16. Rxh3 Qd7 17. Rh2 Rfe8 18. Nd3 a5 19. b5 Nc8 20. a4 Re7 21. Qg2 Qe8 22. Kd2
Kf8 23. Rf1 Kg8 24. Qg1 Rb8 25. Re2 Qd8 26. f4 exf4 27. Bd4 Be5 28. Kc2 Qe8 29.
Nxf4 Nc5 30. Rf3 Nd7 31. Nd3 Qf8 32. Kb3 Qg7 33. Nxe5 Nxe5 34. Rf6 Na7 35. Rf1
Rbe8 36. Qf2 Qh7 37. Qg2 Nc8 38. Qh3 Qg7 39. Rf6 Qh7 1/2-1/2

[Event "Plzen, FSB A"]
[Site "?"]
[Date "2004.??.??"]
[Round "8.47"]
[White "Steinhauser, A."]
[Black "Vladyka, V."]
[Result "1/2-1/2"]
[WhiteElo "1714"]
[BlackElo "2048"]
[PlyCount "43"]
[EventDate "2004.??.??"]
[Source "ChessBase"]
[SourceDate "1996.11.15"]

1. e4 c5 2. Nf3 Nc6 3. d4 cxd4 4. Nxd4 Nf6 5. Nc3 e5 6. Ndb5 d6 7. Bg5 a6 8.
Na3 b5 9. Bxf6 gxf6 10. Nd5 Be7 11. Bxb5 axb5 12. Nxb5 Qa5+ 13. c3 O-O 14. Nxd6
Be6 15. Nf5 Bxf5 16. exf5 Rad8 17. Nxe7+ Nxe7 18. Qg4+ Kh8 19. O-O Rg8 20. Qc4
Qd5 21. Qxd5 Rxd5 22. Rfd1 1/2-1/2

[Event "Plzen, FSB A"]
[Site "?"]
[Date "2004.??.??"]
[Round "8.48"]
[White "Rakous, P."]
[Black "van der Veen, R."]
[Result "1-0"]
[WhiteElo "1716"]
[BlackElo "2002"]
[PlyCount "107"]
[EventDate "2004.??.??"]
[Source "ChessBase"]
[SourceDate "1996.11.15"]

1. e4 c6 2. d4 d5 3. exd5 cxd5 4. c3 Bf5 5. Qb3 Qd7 6. Nf3 Nc6 7. Ne5 Nxe5 8.
dxe5 a6 9. Na3 e6 10. Nb5 Bc5 11. Be3 Bxe3 12. Nd6+ Kf8 13. fxe3 b5 14. O-O-O
Ne7 15. h3 Bg6 16. e4 Qc7 17. exd5 Nxd5 18. Bd3 Bxd3 19. Rxd3 f6 20. Rf1 Rd8
21. Rxd5 exd5 22. Qxd5 Rxd6 23. exd6 Qc4 24. Qxc4 bxc4 25. Rf4 Ke8 26. Rxc4 Kd7
27. Rc7+ Kxd6 28. Rxg7 Ke5 29. Kd2 Rb8 30. b3 Rd8+ 31. Ke2 Kf4 32. g3+ Kf5 33.
Rxh7 Re8+ 34. Kf2 Rd8 35. Re7 Rd2+ 36. Re2 Rd3 37. c4 Rc3 38. Rd2 Ke4 39. h4
Kf5 40. Rd5+ Kg4 41. Ra5 Rxg3 42. Rxa6 Rf3+ 43. Ke2 f5 44. Rg6+ Kf4 45. c5 Rc3
46. c6 Rc2+ 47. Kd3 Rxa2 48. c7 Ra8 49. Rc6 Rc8 50. h5 Ke5 51. h6 Kd5 52. Rc2
Kd6 53. h7 Kd7 54. Rg2 1-0

[Event "Plzen, FSB A"]
[Site "?"]
[Date "2004.??.??"]
[Round "8.50"]
[White "Sladek, J."]
[Black "Hava, P."]
[Result "1/2-1/2"]
[WhiteElo "2042"]
[BlackElo "1770"]
[PlyCount "72"]
[EventDate "2004.??.??"]
[Source "ChessBase"]
[SourceDate "1996.11.15"]

1. e4 e6 2. d4 d5 3. Nc3 Bb4 4. e5 c5 5. a3 Bxc3+ 6. bxc3 Qc7 7. Nf3 b6 8. a4
Ba6 9. Bxa6 Nxa6 10. Qd3 cxd4 11. cxd4 Ne7 12. Bd2 Qc4 13. Qxc4 dxc4 14. c3 Nc6
15. Bc1 Na5 16. Ba3 Nc7 17. Kd1 Nd5 18. Kc2 Nf4 19. g3 Nd3 20. Rhf1 Kd7 21. Nd2
Rac8 22. f4 g6 23. Ne4 h5 24. Nd6 Rh7 25. Nxc8 Kxc8 26. h3 Kd7 27. Rh1 h4 28.
gxh4 Nxf4 29. Raf1 Nd5 30. Rf3 Nc6 31. Rhf1 Nd8 32. Bc1 Ne7 33. Bg5 Nf5 34. Rg1
Nc6 35. Rg4 Nce7 36. Kd2 Nd5 1/2-1/2

[Event "Plzen, FSB A"]
[Site "?"]
[Date "2004.??.??"]
[Round "8.51"]
[White "Reitingerova, I."]
[Black "van Himbergen, H."]
[Result "0-1"]
[WhiteElo "1841"]
[BlackElo "1996"]
[PlyCount "42"]
[EventDate "2004.??.??"]
[Source "ChessBase"]
[SourceDate "1996.11.15"]

1. e4 c5 2. Nf3 Nc6 3. d4 cxd4 4. Nxd4 Nf6 5. Nc3 e5 6. Ndb5 d6 7. Bg5 a6 8.
Na3 b5 9. Nd5 Qa5+ 10. Bd2 Qd8 11. Nxf6+ Qxf6 12. c4 Qg6 13. f3 Be7 14. cxb5
Bh4+ 15. g3 Bxg3+ 16. hxg3 Qxg3+ 17. Ke2 Nd4+ 18. Ke3 f5 19. Bc4 fxe4 20. Bd5
exf3 21. Bxf3 O-O 0-1

[Event "Plzen, FSB A"]
[Site "?"]
[Date "2004.??.??"]
[Round "8.52"]
[White "Woudstra, W."]
[Black "Zimmer, C."]
[Result "1/2-1/2"]
[WhiteElo "1781"]
[BlackElo "2020"]
[PlyCount "35"]
[EventDate "2004.??.??"]
[Source "ChessBase"]
[SourceDate "1996.11.15"]

1. d4 d5 2. Nf3 Nf6 3. c4 dxc4 4. e3 c5 5. Bxc4 cxd4 6. Nxd4 e6 7. O-O a6 8.
Nd2 Be7 9. N2f3 O-O 10. b3 b5 11. Bd3 Bb7 12. Bb2 Nbd7 13. Ng5 Rc8 14. Rc1 h6
15. Rxc8 Qxc8 16. Nh3 Qb8 17. Bb1 Rc8 18. Re1 1/2-1/2

[Event "Plzen, FSB A"]
[Site "?"]
[Date "2004.??.??"]
[Round "8.53"]
[White "Kovarik, J."]
[Black "Voglova, E."]
[Result "1-0"]
[WhiteElo "1959"]
[BlackElo "1988"]
[PlyCount "103"]
[EventDate "2004.??.??"]
[Source "ChessBase"]
[SourceDate "1996.11.15"]

1. e4 d5 2. exd5 Nf6 3. d4 Nxd5 4. c4 Nb6 5. Nc3 e5 6. dxe5 Qxd1+ 7. Nxd1 Nc6
8. f4 Be6 9. b3 Nb4 10. Ne3 Bc5 11. a3 Bxe3 12. axb4 Bd4 13. Ra2 O-O-O 14. Ne2
g5 15. Nxd4 Rxd4 16. fxg5 Rhd8 17. Be2 Re4 18. Kf2 Rxe5 19. Rd1 Rf5+ 20. Kg3
Rxd1 21. Bxd1 Rf1 22. Rd2 Nd7 23. Bb2 c5 24. b5 Rf6 25. h4 Rf1 26. Be2 Re1 27.
Kf2 Rh1 28. g3 Bh3 29. Bd3 Nf8 30. Bf6 Bg4 31. Be4 Rd1 32. Ke3 Rxd2 33. Kxd2 b6
34. Bc2 Bh5 35. Ke3 Ng6 36. Bf5+ Kc7 37. g4 Nxh4 38. gxh5 Nxf5+ 39. Kf4 Nh4 40.
g6 Nxg6+ 41. hxg6 hxg6 42. Ke5 Kd7 43. Kd5 Kc7 44. Bg5 Kb7 45. Kd6 a6 46. bxa6+
Kxa6 47. Kc6 Ka5 48. Bd8 g5 49. Bxb6+ Ka6 50. Bxc5 f5 51. Be7 g4 52. Bd6 1-0

[Event "Plzen, FSB A"]
[Site "?"]
[Date "2004.??.??"]
[Round "9.2"]
[White "Cvek, R."]
[Black "Hagarova, Z."]
[Result "1-0"]
[WhiteElo "2461"]
[BlackElo "2330"]
[PlyCount "93"]
[EventDate "2004.??.??"]
[Source "ChessBase"]
[SourceDate "1996.11.15"]

1. Nf3 Nf6 2. c4 c5 3. b3 e6 4. Bb2 b6 5. g3 Bb7 6. Bg2 Be7 7. O-O d6 8. d4
cxd4 9. Qxd4 Nbd7 10. Nc3 a6 11. Nd2 Bxg2 12. Kxg2 O-O 13. Nde4 Ne8 14. f4 Qc7
15. Qe3 Qb7 16. Qf3 Rb8 17. a4 Nc5 18. Nd2 Qxf3+ 19. Rxf3 Nc7 20. b4 Nd7 21.
Nb3 Rfc8 22. b5 Bf6 23. Nd1 Ne8 24. Bxf6 Nexf6 25. Nb2 axb5 26. axb5 Ra8 27.
Rff1 Kf8 28. Nd4 Nc5 29. h3 Nfe4 30. g4 Nb7 31. f5 e5 32. Nc6 Nd2 33. Rfd1 Rxa1
34. Rxa1 Na5 35. Nxa5 bxa5 36. Rxa5 Nxc4 37. Nxc4 Rxc4 38. g5 Rb4 39. Ra8+ Ke7
40. Ra7+ Ke8 41. Rb7 h6 42. f6 gxf6 43. gxh6 Rh4 44. b6 Rxh6 45. Ra7 Kd8 46.
Ra8+ Kd7 47. b7 1-0

[Event "Plzen, FSB A"]
[Site "?"]
[Date "2004.??.??"]
[Round "9.3"]
[White "Cernousek, L."]
[Black "Neuman, P."]
[Result "0-1"]
[WhiteElo "2378"]
[BlackElo "2428"]
[PlyCount "136"]
[EventDate "2004.??.??"]
[Source "ChessBase"]
[SourceDate "1996.11.15"]

1. d4 Nf6 2. c4 g6 3. g3 Bg7 4. Bg2 O-O 5. Nc3 d6 6. Nf3 c6 7. O-O Qa5 8. e4
Bg4 9. h3 Bxf3 10. Bxf3 e5 11. d5 cxd5 12. cxd5 Nbd7 13. Be3 Rfc8 14. Qe2 a6
15. a3 h5 16. h4 Kh7 17. Bg2 Bh6 18. Bxh6 Kxh6 19. Bh3 Kg7 20. Rfc1 Qd8 21. Kh2
Rc7 22. Rc2 Rac8 23. f3 Rc4 24. Rac1 Qb6 25. Nd1 Rxc2 26. Rxc2 Rc7 27. Nc3 Qb3
28. Rc1 Nb6 29. Bf1 Nbd7 30. Qd2 Nb6 31. Be2 Nc4 32. Bxc4 Rxc4 33. Kg2 Nd7 34.
Ne2 Nc5 35. Rc3 Rxc3 36. Nxc3 Qc4 37. Ne2 Qd3 38. Qxd3 Nxd3 39. b3 f5 40. Nc3
Kf6 41. b4 Ne1+ 42. Kf2 Nc2 43. Nb1 g5 44. Ke2 f4 45. gxf4 gxf4 46. Kf2 Ke7 47.
Kf1 Kd8 48. Kf2 Ke8 49. Kg2 Ke7 50. Kf2 Ke8 51. Kg2 Ke7 52. Kf2 Nd4 53. Nd2 Kd7
54. Nb1 Nc2 55. Kf1 Kc7 56. Kf2 Kb6 57. Kf1 a5 58. bxa5+ Kxa5 59. Ke2 Kb6 60.
a4 Kc5 61. Nc3 Nd4+ 62. Kf2 Kb4 63. Nb1 Kxa4 64. Nd2 b5 65. Ke1 Kb4 66. Kd1 Kc3
67. Nb1+ Kd3 68. Nd2 Ke3 0-1

[Event "Plzen, FSB A"]
[Site "?"]
[Date "2004.??.??"]
[Round "9.4"]
[White "Zawadzki, S."]
[Black "Novak, P."]
[Result "1/2-1/2"]
[WhiteElo "2428"]
[BlackElo "2323"]
[PlyCount "67"]
[EventDate "2004.??.??"]
[Source "ChessBase"]
[SourceDate "1996.11.15"]

1. e4 c5 2. Nc3 e6 3. Nf3 a6 4. d4 cxd4 5. Nxd4 Qc7 6. Be2 Nc6 7. Be3 Nf6 8. a3
b5 9. Nxc6 dxc6 10. f4 b4 11. axb4 Bxb4 12. O-O O-O 13. Na4 Rb8 14. Bd3 Be7 15.
b3 Rd8 16. Qe2 c5 17. Nc3 c4 18. bxc4 Bb7 19. e5 Nd7 20. Ne4 Bxe4 21. Bxe4 Nc5
22. Bxc5 Bxc5+ 23. Kh1 a5 24. f5 exf5 25. Bxf5 g6 26. Be4 Bd4 27. Ra3 Qxe5 28.
Qf3 Rd7 29. Bd5 Qc7 30. Qg4 Be5 31. Rxa5 Kg7 32. Rc5 Qa7 33. Ra5 Qf2 34. Qf3
1/2-1/2

[Event "Plzen, FSB A"]
[Site "?"]
[Date "2004.??.??"]
[Round "9.5"]
[White "Petr, M."]
[Black "Grunberg, M."]
[Result "0-1"]
[WhiteElo "2307"]
[BlackElo "2403"]
[PlyCount "64"]
[EventDate "2004.??.??"]
[Source "ChessBase"]
[SourceDate "1996.11.15"]

1. e4 Nf6 2. Nc3 d5 3. e5 Nfd7 4. d4 c5 5. e6 fxe6 6. Nf3 Nc6 7. Bb5 g6 8. dxc5
Bg7 9. Be3 Qa5 10. Bd2 Qc7 11. Be3 O-O 12. O-O a6 13. Ba4 Nf6 14. Bxc6 bxc6 15.
Bd4 Ng4 16. Bxg7 Kxg7 17. Re1 Rxf3 18. Qxf3 Qxh2+ 19. Kf1 a5 20. Ke2 Ba6+ 21.
Kd1 Qh4 22. g3 Qh5 23. Ne2 e5 24. Nd4 exd4 25. Rxe7+ Kh8 26. Kc1 Qh3 27. Kd2
Qh6+ 28. Ke1 Rf8 29. Qxg4 Qh1+ 30. Kd2 Rxf2+ 31. Re2 Rxe2+ 32. Qxe2 Qh6+ 0-1

[Event "Plzen, FSB A"]
[Site "?"]
[Date "2004.??.??"]
[Round "9.6"]
[White "Jurek, J."]
[Black "Sikora-Lerch, J."]
[Result "1/2-1/2"]
[WhiteElo "2387"]
[BlackElo "2320"]
[PlyCount "93"]
[EventDate "2004.??.??"]
[Source "ChessBase"]
[SourceDate "1996.11.15"]

1. d4 c5 2. d5 Nf6 3. c4 e6 4. Nc3 exd5 5. cxd5 d6 6. e4 g6 7. Bd3 Bg7 8. h3
O-O 9. Nf3 b5 10. Nxb5 Re8 11. O-O Nxe4 12. Re1 a6 13. Na3 f5 14. Nc4 Nd7 15.
Bf4 Nb6 16. Rc1 Bd7 17. Nfd2 Nxd5 18. Bh2 Nb4 19. Nxe4 fxe4 20. Bxe4 Rxe4 21.
Rxe4 d5 22. Nb6 Qxb6 23. Rxb4 Qe6 24. Rb6 Qe4 25. Rxc5 Re8 26. Bg3 Bd4 27. Rd6
Bxc5 28. Rxd7 Qe1+ 29. Qxe1 Rxe1+ 30. Kh2 d4 31. b4 Bxb4 32. Rxd4 a5 33. a4 Ra1
34. Rd8+ Kf7 35. Rd7+ Ke6 36. Rxh7 Rxa4 37. Rh4 Ra2 38. Rc4 Rb2 39. Rc6+ Kf5
40. Ra6 Ra2 41. Rb6 Rb2 42. f3 a4 43. Be1 Bc3 44. Rxb2 Bxb2 45. Bb4 a3 46. Bxa3
Bxa3 47. g3 1/2-1/2

[Event "Plzen, FSB A"]
[Site "?"]
[Date "2004.??.??"]
[Round "9.7"]
[White "Plischki, S."]
[Black "Rehorek, M."]
[Result "1-0"]
[WhiteElo "2325"]
[BlackElo "2300"]
[PlyCount "97"]
[EventDate "2004.??.??"]
[Source "ChessBase"]
[SourceDate "1996.11.15"]

1. d4 Nf6 2. c4 g6 3. Nc3 d5 4. cxd5 Nxd5 5. e4 Nxc3 6. bxc3 Bg7 7. Bc4 c5 8.
Ne2 Nc6 9. Be3 O-O 10. O-O Bd7 11. Rb1 Na5 12. Bd3 Rc8 13. d5 e6 14. c4 exd5
15. cxd5 f5 16. exf5 Bxf5 17. Nf4 Qd6 18. g3 b6 19. Re1 Rce8 20. Bxf5 Rxf5 21.
Qa4 Rfe5 22. Ne6 Re7 23. Bg5 Qd7 24. Qh4 Re8 25. Rxe5 Bxe5 26. Qe4 Bh8 27. h4
Nb7 28. Bf4 Nd8 29. Re1 Bd4 30. Kg2 Qb7 31. g4 Nxe6 32. dxe6 Qxe4+ 33. Rxe4 b5
34. Bd2 Kf8 35. f4 Ke7 36. Kf3 a5 37. f5 gxf5 38. Bg5+ Bf6 39. gxf5 Rc8 40. Re1
h6 41. Bxh6 Bxh4 42. Rd1 Rd8 43. Rxd8 Kxd8 44. Ke4 b4 45. Kd5 a4 46. Bg7 Ke7
47. Kxc5 b3 48. axb3 a3 49. Kb4 1-0

[Event "Plzen, FSB A"]
[Site "?"]
[Date "2004.??.??"]
[Round "9.8"]
[White "Simunek, A."]
[Black "Fiala, R."]
[Result "1/2-1/2"]
[WhiteElo "2200"]
[BlackElo "2324"]
[PlyCount "41"]
[EventDate "2004.??.??"]
[Source "ChessBase"]
[SourceDate "1996.11.15"]

1. e4 e6 2. d4 d5 3. Nd2 Nf6 4. e5 Ng8 5. Bd3 b6 6. Qe2 a5 7. f4 Ba6 8. c3 Bxd3
9. Qxd3 Qd7 10. Ne2 c5 11. Nf3 Nc6 12. O-O h5 13. f5 exf5 14. Ng5 Nge7 15. Nf4
cxd4 16. e6 fxe6 17. Nfxe6 Ne5 18. Qg3 N7g6 19. cxd4 Ng4 20. Nc7+ Kd8 21. Nxa8
1/2-1/2

[Event "Plzen, FSB A"]
[Site "?"]
[Date "2004.??.??"]
[Round "9.9"]
[White "Gajewski, G."]
[Black "Tuma, J."]
[Result "1-0"]
[WhiteElo "2439"]
[BlackElo "2192"]
[PlyCount "119"]
[EventDate "2004.??.??"]
[Source "ChessBase"]
[SourceDate "1996.11.15"]

1. e4 e5 2. Nf3 Nc6 3. Nc3 Nf6 4. g3 d5 5. exd5 Nxd5 6. Bg2 Nde7 7. O-O g6 8.
d3 Bg7 9. Re1 O-O 10. Bd2 h6 11. Rb1 g5 12. b4 Ng6 13. b5 Nce7 14. h3 Rb8 15.
Qc1 Be6 16. Ne4 b6 17. Bc3 Qd7 18. Kh2 f6 19. a4 Rbe8 20. Nfd2 h5 21. Nc4 g4
22. hxg4 hxg4 23. Ned2 Kf7 24. Ne4 Rh8+ 25. Kg1 Nd5 26. Ba1 Rh5 27. Qd2 Reh8
28. d4 Ndf4 29. gxf4 Bxc4 30. dxe5 Qxd2 31. Nxd2 Ba2 32. Rb4 fxe5 33. fxe5 Nxe5
34. Rf4+ Kg6 35. Be4+ Kg5 36. Rf5+ Kh4 37. f4 Rxf5 38. Bxf5 Rd8 39. Bc3 Rxd2
40. Bxd2 Nf3+ 41. Kg2 Nxe1+ 42. Bxe1+ Kh5 43. Kg3 Bd4 44. Bxg4+ Kg6 45. Be2 Kf6
46. Bd2 Bd5 47. Bd3 Kf7 48. Kg4 c5 49. c4 Bb7 50. f5 Be5 51. Bg5 Bc7 52. Be2
Be4 53. Bf3 Bc2 54. Bd5+ Ke8 55. Be6 Bd1+ 56. Kh4 Bd6 57. f6 Kf8 58. Bh6+ Ke8
59. f7+ Kd8 60. Bg5+ 1-0